| 000 | 00375nam a2200157Ia 4500 | ||
|---|---|---|---|
| 008 | 230917s9999||||xx |||||||||||||| ||und|| | ||
| 020 | _cPON2.5 | ||
| 040 |
_e20041 _aMAIN |
||
| 041 | _aEnglish | ||
| 082 | _a301.53 B394T | ||
| 100 | _aBeharrell, Peter | ||
| 245 | 0 | _aTrade Unions and the media | |
| 260 |
_aLondon _bMacmillan _c1977 |
||
| 300 | _ax, 151 p. | ||
| 942 | _cBK | ||
| 999 |
_c181929 _d181929 |
||